000 00923cab a2200265 4500
001 ABS59342
008 090401t1998 xxu||||| |||| 00| 0 eng d
035 _a(Sirsi) u88452
041 _aeng
100 _aBaber, F,
245 _aAre you being served?
260 _c1998
350 _a0
490 _aCSM
_bChartered Surveyor Monthly
_v8(1) September 1998, 46-47(2)
520 _aExamines new research which looks at the impact of competitive fee tendering on the quality of client service provided by construction professionals. The paper, "Value for money?", was commissioned by RICS Education Trust.
650 _aCCT
650 _aCOMPULSORY COMPETITIVE TENDERING
650 _aCONSTRUCTION PROFESSIONALS
650 _aRICS EDUCATION TRUST
650 _aSURVEYORS
650 _aVALUE FOR MONEY
690 _aMANAGEMENT-BUSINESS MANAGEMENT-PROFESSIONAL PRACTICE
942 _n0
948 _c14/09/1998
999 _c55874
_d55874